000 01675cam a22004814i 4500
003 PE-LiUPU
005 20250731184526.0
008 150623s r 000 0 d
020 _a0520070372
035 _a(Sirsi) i9780520070370
040 _aPE-LiUPU
_bspa
_cPE-LiUPU
_erda
049 _aPRUA
082 0 4 _a930.10285
_bB78
_221
100 1 _aBowman, Sheridan,
_eautor.
245 1 0 _aInterpreting the past radiocarbon dating /
_cSheridan Bowman.
264 1 _aBritishy Museim :
_bUniversity of California press,
_c1990.
300 _a64 páginas :
_bilustraciones fotos, diagrámas, dibs. ;
_c24 centímetros
336 _atext
_2rdacontent
337 _aunmediated
_2rdamedia
338 _avolume
_2rdacarrier
490 0 _aInterpreting the past series ;
_v1
505 0 _aBackground and basic principles. -Radiocarbon concentration effects. -Measurement of radiocarbon results. -Radiocarbon and archeology.
526 _aP136
526 _aP135
526 _aP134
526 _aP133
526 _aP144
526 _aP143
526 _aP87
526 _aP35
526 _aP20
526 _aP14
526 _aP10
526 _aP06
650 0 4 _aDatación arqueológica.
650 0 4 _aDatación por radiocarbono.
942 _2ddc
_cBOOK
949 _a930.10285 B78
_wDEWEY
_c1
_i43820
_lCCODEBUL1
_mBUL
_r0
_sY
_tBOOK
_u2015-6-24
_xTEOLOGIA
_PP35
_0COMPRA
_o.STAFF. Colección General
994 _aC0
_bPEPRU
596 _a1
999 _a930.10285 B78
_wDEWEY
_c20224
_i43820
_f2021-11-11
_g5
_lCCODEBUL1
_mBUL
_r0
_sY
_tBOOK
_u2015-6-24
_xTEOLOGIA
_PP35
_0COMPRA
_o.STAFF. Colección General
_d20224
980 _81
_gALBERTO SANCHEZ Responsable de Automatización